| 000 | 00370 a2200157 4500 | ||
|---|---|---|---|
| 001 | 154527 | ||
| 040 | _cEscola São Tomás de Aquino | ||
| 100 | _aANDRADE, Maria Hilda de Paiva | ||
| 240 | 1 | 0 |
_aHistória de dentinho _lpor |
| 245 | 1 | 0 | _aHistória de dentinho |
| 300 | _a16 | ||
| 362 | 0 | _a2011 | |
| 440 | 1 | _aDimensão | |
| 697 | _a*LITERATURA INFANTIL | ||
| 942 | _cBK | ||
| 999 |
_c154527 _d154527 |
||